| Tag |
First Indicator |
Second Indicator |
Subfields |
| LEADER |
00000cam a2200000 4500 |
| 001 |
in00000021563 |
| 005 |
20151007063638.0 |
| 008 |
760428s1952 enka 00000 eng |
| 010 |
|
|
|a 52043161
|
| 035 |
|
|
|a (OCoLC)02145923
|
| 035 |
|
|
|9 AAD7894AM
|
| 040 |
|
|
|a DLC
|c IRU
|d TXA
|d UtOrBLW
|
| 049 |
|
|
|a TXAM
|c [220706]
|
| 050 |
0 |
0 |
|a PN6014
|b .H28
|
| 082 |
0 |
|
|a 820.82
|
| 092 |
|
|
|a 820.8
|b H218m
|
| 110 |
2 |
|
|a Hamilton (Hamish) ltd., London.
|
| 245 |
1 |
0 |
|a Majority, 1931-1952 ;
|b an anthology of 21 years of publishing.
|
| 264 |
|
1 |
|a London,
|b [publisher not identified] ;
|c [1952]
|
| 300 |
|
|
|a 1035 pages :
|b illustrations ;
|c 23 cm.
|
| 336 |
|
|
|a text
|b txt
|2 rdacontent
|
| 337 |
|
|
|a unmediated
|b n
|2 rdamedia
|
| 338 |
|
|
|a volume
|b nc
|2 rdacarrier
|
| 650 |
|
0 |
|a Literature
|v Collections.
|
| 650 |
|
0 |
|a English literature.
|
| 999 |
|
|
|a MARS
|
| 999 |
f |
f |
|s dcb67fbc-fc75-3416-9efd-8ff8b3cb7800
|i de59b66b-9678-3c3b-b05f-d1e462ebf279
|t 0
|
| 952 |
f |
f |
|p ric
|a Texas A&M University
|b Rellis Campus
|c Joint Library Facility
|d Remote Storage
|t 0
|e PN6014 .H28
|h Library of Congress classification
|i unmediated -- volume
|m A14801268187
|
| 998 |
f |
f |
|a PN6014 .H28
|t 0
|l Remote Storage
|